[Event "HUN-chT2 Toth 1011"]
[Site "Hungary"]
[Date "2010.11.21"]
[Round "6.4"]
[White "Lovas, Daniel"]
[Black "Blazsik, Zoltan"]
[Result "1-0"]
[WhiteElo "2114"]
[BlackElo "2005"]
[PlyCount "25"]
[EventDate "2010.09.12"]
[EventType "team-tourn"]
[EventRounds "11"]
[EventCountry "HUN"]
[SourceTitle "EXT 2012"]
[Source "ChessBase"]
[SourceDate "2011.11.24"]
[SourceVersion "1"]
[SourceVersionDate "2011.11.24"]
[SourceQuality "1"]
[WhiteTeam "Takisz"]
[BlackTeam "Maroczy II"]
[WhiteTeamCountry "HUN"]
[BlackTeamCountry "HUN"]

1. e4 e6 2. c4 c5 3. Nc3 Nc6 4. g3 d6 5. Bg2 g6 6. Nge2 Bg7 7. 0-0 Nge7 8. d3 0-0 9. Be3 Nd4 10. Qd2 Nec6 11. Bh6 Nxe2+ 12. Nxe2 Bxb2 13. Qxb2 1-0